| 000 | 01115nam a2200217 a 4500 | ||
|---|---|---|---|
| 008 | 120416s1983 ||||||||||||||||| || u | ||
| 020 | _a0133158535 | ||
| 050 | _aHG 4011 Van | ||
| 100 | _aVan Horne, James C | ||
| 245 | 1 | 0 | _aFinancial management and policy. (6th ed.) |
| 250 | _a6th ed. | ||
| 260 |
_aEnglewood Cliffs, [N.J.]: _bFT Prentice-Hall _c1983 |
||
| 300 | _axvii, 749p.: ill. | ||
| 350 | _a0.00 | ||
| 650 | 0 | _aFINANCE--DEVELOPING COUNTRIES | |
| 650 | _aCORPORATIONS--FINANCE | ||
| 995 |
_aBINDERY (DAMAGED) _D0.00 _e708515 _FCBU-MAIN LIBRARY (Kitwe) _H4 _I27.95 _jHG 4011 Van _UDAMAGED _y708515 _ZMain Library Open Access Collection |
||
| 995 |
_aMAIN LIBRARY OPEN ACCESS _D0.00 _e707762 _FCBU-MAIN LIBRARY (Kitwe) _H2 _I27.95 _jHG 4011 Van _UAVAILABLE _y707762 _ZMain Library Open Access Collection |
||
| 995 |
_aBINDERY (DAMAGED) _D0.00 _e708514 _FCBU-MAIN LIBRARY (Kitwe) _H1 _I27.95 _jHG 4011 VAN _UDAMAGED _y045477 _ZMain Library Open Access Collection |
||
| 995 |
_aBINDERY (DAMAGED) _D0.00 _e708516 _FCBU-MAIN LIBRARY (Kitwe) _H3 _I27.95 _jHG 4011 Van _M1 _UDAMAGED _WApr 2, 2007 _y018744 _ZMain Library Open Access Collection |
||
| 999 |
_c63098 _d63098 |
||